U.S. Vice Presidents by Picture - Multiple Choice - Statistics

General Stats
  • This quiz has been taken 616 times
  • The average score is 9 of 10
Answer Stats
Question Answer % Correct
Mike Pence
100%
Gerald Ford
98%
John Adams
98%
Martin Van Buren
94%
Calvin Coolidge
94%
Dan Quayle
90%
Hubert Humphrey
90%
Aaron Burr
88%
Hannibal Hamlin
64%
John Nance Garner
50%
No matching quizzes found
Score Distribution
Percent of People with Each Score
Percentile by Number Answered
Your Score History
You have not taken this quiz